Estatísticas para Adivinhe os principais consoles de mesa e portáteis em imagens

Clique aqui para jogar o quiz

Estatísticas Gerais

  • Esse quiz foi jogado 51 vezes
  • A pontuação média é 33 de 68

Estatísticas das Respostas

Resposta% Correto
PlayStation
95%
PlayStation 2
95%
PlayStation 3
95%
PlayStation 4
95%
Game Boy
93%
PlayStation 5
93%
Wii
93%
Xbox
93%
Xbox 360
93%
Game Boy Advance
91%
Wii U
91%
Xbox One
86%
Game Boy Color
84%
Nintendo 3DS
84%
Nintendo 64
81%
PSP
81%
Super Nintendo
81%
GameCube
79%
Nintendo DS
79%
PlayStation Vita
79%
Switch
79%
Xbox Series X
79%
Xbox Series S
74%
NES
70%
Sega Saturn
65%
Mega Drive
60%
Telstar
56%
Dreamcast
53%
Virtual Boy
53%
Master System
49%
Game Boy Advance SP
44%
Game Gear
44%
Lynx
42%
Neo Geo
42%
Ouya
42%
Gizmondo
37%
N-Gage
37%
Nomad
37%
Pokémon Mini
37%
SG-1000
37%
Neo Geo CD
35%
Jaguar
33%
Neo Geo X
30%
Neo Geo Pocket
28%
Pong
28%
Game & Watch
26%
Neo Geo Pocket Color
26%
Nintendo DSi
23%
2600
21%
Amiga CD32
21%
HyperScan
19%
3DO
16%
Colecovision
16%
Gemini
16%
Odyssey
16%
OnLive
16%
PC-FX
16%
TurboExpress
12%
TurboGrafx-16
12%
5200
9%
Color TV-Game
9%
TurboDuo
9%
7800
7%
Intellivision
7%
iQue Player
7%
Odyssey 2
7%
PocketStation
7%
Game Boy Micro
5%

Distribuição das Pontuações

Percentil de Números Respondidos

Porcentagem de Pessoas com Cada Pontuação

Sua Pontuação Histórica

Você não jogou esse quiz